Engineering Electromagnetics (Record no. 1148)

MARC details
000 -LEADER
fixed length control field 00372nam a2200169Ia 4500
008 - FIXED-LENGTH DATA ELEMENTS--GENERAL INFORMATION
fixed length control field 221030s9999 xx 000 0 und d
020 ## - INTERNATIONAL STANDARD BOOK NUMBER
ISBN 007462146
041 ## - LANGUAGE CODE
Language code of text/sound track or separate title
082 ## - DEWEY DECIMAL CLASSIFICATION NUMBER
Classification number 105.23
Item number Hay
100 ## - MAIN ENTRY--AUTHOR NAME
Personal name W. H. Hayt
245 #0 - TITLE STATEMENT
Title Engineering Electromagnetics
250 ## - EDITION STATEMENT
Edition statement 5th
260 ## - PUBLICATION, DISTRIBUTION, ETC. (IMPRINT)
Name of publisher TMH
Place of publication New Delhi
Year of publication 1997
300 ## - PHYSICAL DESCRIPTION
Number of Pages 472
650 ## - SUBJECT ADDED ENTRY--TOPICAL TERM
Topical Term EMT
942 ## - ADDED ENTRY ELEMENTS (KOHA)
Koha item type Books
Holdings
Accession Number Cost, normal purchase price Full call number Price effective from Koha item type Withdrawn / writtenoff status Materials specified (bound volume or other part) Damaged status Not for loan Permanent Location Current Location Shelving location Date acquired Lost/ Missing status department
BE 112 175.00 105.23 Hay 10/30/2022 Books   Print     MIET Library, Jammu MIET Library, Jammu BL-Academic Block B, FL-1, CUP-8, SH-2, R-2 12/17/1998   BE
BE 113 175.00 105.23 Hay 10/30/2022 Books   Print     MIET Library, Jammu MIET Library, Jammu BL-Academic Block C, FL-2, CUP-8, SH-2, R-2 12/17/1998   BE